Ana y las olas / (Record no. 164833)

MARC details
000 -CABECERA
campo de control de longitud fija 00578nam a2200205 a 4500
005 - FECHA Y HORA DE LA ÚLTIMA TRANSACCIÓN
campo de control 20220905063517.0
008 - ELEMENTOS DE LONGITUD FIJA--INFORMACIÓN GENERAL
campo de control de longitud fija 130910s2010 ag r 000 0 spa d
020 ## - NÚMERO INTERNACIONAL NORMALIZADO PARA LIBROS
Número Internacional Estándar del Libro 9789871789115
035 ## - NÚMERO DE CONTROL DEL SISTEMA
Número de control de sistema UPN01000192731
049 ## - COLECCIÓN
Colección CG
050 #4 - SIGNATURA TOPOGRÁFICA DE LA BIBLIOTECA DEL CONGRESO
Número de clasificación PQ7798.23 E6.4
Número de documento/Ítem A6.2
100 1# - ASIENTO PRINCIPAL--NOMBRE PERSONAL
Nombre de persona Méndez, Mario,
Fechas asociadas al nombre 1965-
9 (RLIN) 34936
245 10 - MENCIÓN DE TÍTULO
Título Ana y las olas /
Mención de responsabilidad, etc. Mario Méndez ; il. Leicia Gotlibowski.
260 ## - PUBLICACIÓN, DISTRIBUCIÓN, ETC.
Lugar de publicación, distribución, etc. Buenos Aires :
Nombre del editor, distribuidor, etc. Ríos de Tinta,
Fecha de publicación, distribución, etc. 2010.
300 ## - DESCRIPCIÓN FÍSICA
Extensión 123 p.
440 #0 - MENCIÓN DE SERIE/ASIENTO SECUNDARIO--TÍTULO
Título Huellas
650 #0 - ASIENTO SECUNDARIO DE MATERIA - TERMINO TEMATICO
Término de materia o nombre geográfico como elemento de entrada Literatura juvenil argentina
9 (RLIN) 12413
905 ## - TIPO DE MATERIAL
Tipo de material Libro
Holdings
Estado de retiro Estado de pérdida Fuente del sistema de clasificación o colocación Estado dañado No para préstamo Código de colección Localización permanente Ubicación/localización actual Ubicación en estantería Total de préstamos Clasificación Código de barras Fecha visto por última vez Número de copia Tipo de ítem Koha
    Library of Congress Classification     Colección General Bib. Gregorio Torres Quintero Bib. Gregorio Torres Quintero Planta baja   PQ7798.23 E6.4 A6.2 290809 31/12/2020 1 Libro